Ecology and Limnology (Dossier) (Registro nro. 678510)

Detalles MARC
001 - NÚMERO DE CONTROL
campo de control 1355614
005 - FECHA Y HORA DE LA ÚLTIMA TRANSACCIÓN
campo de control 20241029090623.0
008 - DATOS DE LONGITUD FIJA--INFORMACIÓN GENERAL
campo de control de longitud fija 140122e20130705 eng
035 ## - NÚMERO DE CONTROL DEL SISTEMA
Número de control de sistema 1355614
040 ## - FUENTE DE LA CATALOGACIÓN
Centro/agencia transcriptor comduadb
041 ## - CÓDIGO DE LENGUA
Código de lengua del texto/banda sonora o título independiente eng
100 10 - ENTRADA PRINCIPAL--NOMBRE DE PERSONA
Nombre de persona Algarte, Vanessa Majewski
Código de función aut
Término indicativo de función/relación Autor/a
9 (RLIN) 698772
245 10 - MENCIÓN DE TÍTULO
Título Ecology and Limnology (Dossier)
505 ## - NOTA DE CONTENIDO CON FORMATO
Nota de contenido con formato CONTENIDO: Desiccation and recovery of periphyton biomass and density in a subtropical lentic ecosystem / Vanessa Majewski Algarte; Natália Silveira Siqueira; Liliana Rodrigues (p.p. 311-318). -- Spatial variation of periphyton structural attributes on Eichhornia Crassipes (Mart.) Solms in a tropical lotic ecosystem / Thais Almeida Pereira; Sirlene Aparecida Felisberto; Valéria de Oliveira Fernandes (p.p. 319-326). -- Assessing nitrogen flow in production and utilization cycle of wheat and maize as a tool to monitor N loss in Iran / Alireza Koocheki; Mehdi Nassiri Mahallati; Hamed Mansoori; Rooholla Moradi (p.p. 327-334). -- Effects of intensive fish-farming and domestic wastewater on the periphytic algal community in a tropical coastal lagoon (Juara, Brazil) / Stéfano Zorzal de Almeida; Valéria de Oliveira Fernandes (p.p. 335-342). -- Richness and composition of macrophyte assemblages in four amazonian lakes / Roger Paulo Mormul; Sidinei Magela Thomaz; Lisandro Juno Soares Vieira (p.p. 343-350). -- Effects of a native and a non-native macrophyte species of Hydrocharitaceae on Chironomidae and Oligochaeta assemblages structure / Rômulo Diego de Lima Behrend; Mariana Carolina Teixeira; Sue Ellen Prata Fernandes; Janielly Carvalho Camargo (p.p. 351-358). -- Spatial and temporal fluctuation of phytoplankton functional groups in a tropical reservoir / Lívia Oliveira Ruiz Moreti; Luana Martos; Vânia Mara Bovo-Scomparin; Luzia Cleide Rodrigues (p.p. 359-366). -- Population dynamics of the yellow piranha Serrasalmus Spilopleura Kner, 1858 (Characidae, Serrasalminae) in amazonian floodplain lakes / Fabrício Barros de Sousa; Maria Gercilia Mota Soares; Luiza Prestes (p.p. 367-372). -- Dioxins and polychlorinated biphenyls concentrations in Larus dominicanus. Case study: Marambaia island, Sepetiba bay, Rio de Janeiro State, Brazil / Aldo Pacheco Ferreira; Eduardo Dias Wermelinger (p.p. 373-380).
650 ## - PUNTO DE ACCESO ADICIONAL DE MATERIA--TÉRMINO DE MATERIA
Término de materia o nombre geográfico como elemento de entrada Clorofila a
9 (RLIN) 187549
650 ## - PUNTO DE ACCESO ADICIONAL DE MATERIA--TÉRMINO DE MATERIA
Término de materia o nombre geográfico como elemento de entrada Resilencia (materiales)
9 (RLIN) 188387
650 ## - PUNTO DE ACCESO ADICIONAL DE MATERIA--TÉRMINO DE MATERIA
Término de materia o nombre geográfico como elemento de entrada Perifiton (Ecología) - Investigaciones
9 (RLIN) 12003
650 ## - PUNTO DE ACCESO ADICIONAL DE MATERIA--TÉRMINO DE MATERIA
Término de materia o nombre geográfico como elemento de entrada Biomasa vegetal
9 (RLIN) 27027
650 ## - PUNTO DE ACCESO ADICIONAL DE MATERIA--TÉRMINO DE MATERIA
Término de materia o nombre geográfico como elemento de entrada Zona subtropical
9 (RLIN) 59800
650 ## - PUNTO DE ACCESO ADICIONAL DE MATERIA--TÉRMINO DE MATERIA
Término de materia o nombre geográfico como elemento de entrada Jacinto de agua : Eichhornia crassipes
9 (RLIN) 26003
650 ## - PUNTO DE ACCESO ADICIONAL DE MATERIA--TÉRMINO DE MATERIA
Término de materia o nombre geográfico como elemento de entrada Biologia tropical
9 (RLIN) 49007
650 ## - PUNTO DE ACCESO ADICIONAL DE MATERIA--TÉRMINO DE MATERIA
Término de materia o nombre geográfico como elemento de entrada Biología vegetal
9 (RLIN) 61139
650 ## - PUNTO DE ACCESO ADICIONAL DE MATERIA--TÉRMINO DE MATERIA
Término de materia o nombre geográfico como elemento de entrada Ecosistemas tropicales
9 (RLIN) 29671
650 ## - PUNTO DE ACCESO ADICIONAL DE MATERIA--TÉRMINO DE MATERIA
Término de materia o nombre geográfico como elemento de entrada Periodo seco
9 (RLIN) 154535
650 #7 - PUNTO DE ACCESO ADICIONAL DE MATERIA--TÉRMINO DE MATERIA
Término de materia o nombre geográfico como elemento de entrada Ciencias de la nutrición
Fuente del encabezamiento o término dcs
9 (RLIN) 39724
650 ## - PUNTO DE ACCESO ADICIONAL DE MATERIA--TÉRMINO DE MATERIA
Término de materia o nombre geográfico como elemento de entrada Flujos de nitrógeno
9 (RLIN) 164482
650 ## - PUNTO DE ACCESO ADICIONAL DE MATERIA--TÉRMINO DE MATERIA
Término de materia o nombre geográfico como elemento de entrada Trigo
9 (RLIN) 393
650 #7 - PUNTO DE ACCESO ADICIONAL DE MATERIA--TÉRMINO DE MATERIA
Término de materia o nombre geográfico como elemento de entrada Maíz
Fuente del encabezamiento o término lemb
9 (RLIN) 47581
650 ## - PUNTO DE ACCESO ADICIONAL DE MATERIA--TÉRMINO DE MATERIA
Término de materia o nombre geográfico como elemento de entrada Iran
9 (RLIN) 40308
650 ## - PUNTO DE ACCESO ADICIONAL DE MATERIA--TÉRMINO DE MATERIA
Término de materia o nombre geográfico como elemento de entrada Fertilizantes
9 (RLIN) 18170
650 ## - PUNTO DE ACCESO ADICIONAL DE MATERIA--TÉRMINO DE MATERIA
Término de materia o nombre geográfico como elemento de entrada Piscicultura - Brasil
9 (RLIN) 128821
650 ## - PUNTO DE ACCESO ADICIONAL DE MATERIA--TÉRMINO DE MATERIA
Término de materia o nombre geográfico como elemento de entrada Bacillariophyceae
9 (RLIN) 110711
650 ## - PUNTO DE ACCESO ADICIONAL DE MATERIA--TÉRMINO DE MATERIA
Término de materia o nombre geográfico como elemento de entrada Estación seca
9 (RLIN) 70443
650 ## - PUNTO DE ACCESO ADICIONAL DE MATERIA--TÉRMINO DE MATERIA
Término de materia o nombre geográfico como elemento de entrada Lagos amazonicos
9 (RLIN) 160634
650 #7 - PUNTO DE ACCESO ADICIONAL DE MATERIA--TÉRMINO DE MATERIA
Término de materia o nombre geográfico como elemento de entrada Biodiversidad
Fuente del encabezamiento o término embne
9 (RLIN) 58506
650 #7 - PUNTO DE ACCESO ADICIONAL DE MATERIA--TÉRMINO DE MATERIA
Término de materia o nombre geográfico como elemento de entrada Riqueza
Fuente del encabezamiento o término lemb
9 (RLIN) 41051
650 ## - PUNTO DE ACCESO ADICIONAL DE MATERIA--TÉRMINO DE MATERIA
Término de materia o nombre geográfico como elemento de entrada Macrófitas
9 (RLIN) 15253
650 ## - PUNTO DE ACCESO ADICIONAL DE MATERIA--TÉRMINO DE MATERIA
Término de materia o nombre geográfico como elemento de entrada Río Paraná (Argentina)
9 (RLIN) 177818
650 ## - PUNTO DE ACCESO ADICIONAL DE MATERIA--TÉRMINO DE MATERIA
Término de materia o nombre geográfico como elemento de entrada Invasiones
9 (RLIN) 259
650 ## - PUNTO DE ACCESO ADICIONAL DE MATERIA--TÉRMINO DE MATERIA
Término de materia o nombre geográfico como elemento de entrada Grupos funcionales (química)
9 (RLIN) 189263
650 ## - PUNTO DE ACCESO ADICIONAL DE MATERIA--TÉRMINO DE MATERIA
Término de materia o nombre geográfico como elemento de entrada Distribución espacial
9 (RLIN) 68074
650 ## - PUNTO DE ACCESO ADICIONAL DE MATERIA--TÉRMINO DE MATERIA
Término de materia o nombre geográfico como elemento de entrada Oligotrófico
9 (RLIN) 189866
650 #7 - PUNTO DE ACCESO ADICIONAL DE MATERIA--TÉRMINO DE MATERIA
Término de materia o nombre geográfico como elemento de entrada Fitoplancton
Fuente del encabezamiento o término lemb
9 (RLIN) 6114
650 ## - PUNTO DE ACCESO ADICIONAL DE MATERIA--TÉRMINO DE MATERIA
Término de materia o nombre geográfico como elemento de entrada Serrasalmus spilopleura
9 (RLIN) 69947
650 ## - PUNTO DE ACCESO ADICIONAL DE MATERIA--TÉRMINO DE MATERIA
Término de materia o nombre geográfico como elemento de entrada Crecimiento (Biología)
9 (RLIN) 49809
650 #7 - PUNTO DE ACCESO ADICIONAL DE MATERIA--TÉRMINO DE MATERIA
Término de materia o nombre geográfico como elemento de entrada Mortalidad
Fuente del encabezamiento o término lemb
9 (RLIN) 6283
650 ## - PUNTO DE ACCESO ADICIONAL DE MATERIA--TÉRMINO DE MATERIA
Término de materia o nombre geográfico como elemento de entrada Exposición ambiental
9 (RLIN) 48703
650 ## - PUNTO DE ACCESO ADICIONAL DE MATERIA--TÉRMINO DE MATERIA
Término de materia o nombre geográfico como elemento de entrada Dioxinas
9 (RLIN) 37740
650 ## - PUNTO DE ACCESO ADICIONAL DE MATERIA--TÉRMINO DE MATERIA
Término de materia o nombre geográfico como elemento de entrada Policlorado
9 (RLIN) 23291
650 ## - PUNTO DE ACCESO ADICIONAL DE MATERIA--TÉRMINO DE MATERIA
Término de materia o nombre geográfico como elemento de entrada Estudio de casos y controles
9 (RLIN) 56843
650 ## - PUNTO DE ACCESO ADICIONAL DE MATERIA--TÉRMINO DE MATERIA
Término de materia o nombre geográfico como elemento de entrada Río de Janeiro, Brasil
9 (RLIN) 32852
650 #7 - PUNTO DE ACCESO ADICIONAL DE MATERIA--TÉRMINO DE MATERIA
Término de materia o nombre geográfico como elemento de entrada Efluentes domésticos
Fuente del encabezamiento o término dcs
9 (RLIN) 131499
700 10 - ENTRADA AGREGADA--NOMBRE PERSONAL
Nombre de persona Siqueira, Natalia Silveira
Código de función aut
Término indicativo de función/relación Autor/a
9 (RLIN) 655386
700 10 - ENTRADA AGREGADA--NOMBRE PERSONAL
Nombre de persona Rodrigues, Liliana
Código de función aut
Término indicativo de función/relación Autor/a
9 (RLIN) 648070
700 10 - ENTRADA AGREGADA--NOMBRE PERSONAL
Nombre de persona Pereira, Thais Almeida
Código de función aut
Término indicativo de función/relación Autor/a
9 (RLIN) 692541
700 10 - ENTRADA AGREGADA--NOMBRE PERSONAL
Nombre de persona Felisberto, Sirlene Aparecida
Código de función aut
Término indicativo de función/relación Autor/a
9 (RLIN) 677679
700 10 - ENTRADA AGREGADA--NOMBRE PERSONAL
Nombre de persona Fernandes, Valéria de Oliveira
Código de función aut
Término indicativo de función/relación Autor/a
9 (RLIN) 707625
700 10 - ENTRADA AGREGADA--NOMBRE PERSONAL
Nombre de persona Koocheki, Alireza
Código de función aut
Término indicativo de función/relación Autor/a
9 (RLIN) 684493
700 10 - ENTRADA AGREGADA--NOMBRE PERSONAL
Nombre de persona Mahallati, Mehdi Nassiri
Código de función aut
Término indicativo de función/relación Autor/a
9 (RLIN) 707626
700 10 - ENTRADA AGREGADA--NOMBRE PERSONAL
Nombre de persona Mansoori, Hamed
Código de función aut
Término indicativo de función/relación Autor/a
9 (RLIN) 683065
700 10 - ENTRADA AGREGADA--NOMBRE PERSONAL
Nombre de persona Rooholla, Moradi
Código de función aut
Término indicativo de función/relación Autor/a
9 (RLIN) 684494
700 10 - ENTRADA AGREGADA--NOMBRE PERSONAL
Nombre de persona Almeida, Stéfano Zorzal de
Código de función aut
Término indicativo de función/relación Autor/a
9 (RLIN) 714882
700 10 - ENTRADA AGREGADA--NOMBRE PERSONAL
Nombre de persona Fernandes, Valéria de Oliveira
Código de función aut
Término indicativo de función/relación Autor/a
9 (RLIN) 707625
700 10 - ENTRADA AGREGADA--NOMBRE PERSONAL
Nombre de persona Mormul, Roger Paulo
Código de función aut
Término indicativo de función/relación Autor/a
9 (RLIN) 652364
700 10 - ENTRADA AGREGADA--NOMBRE PERSONAL
Nombre de persona Thomaz, Sidinei Magela
Código de función aut
Término indicativo de función/relación Autor/a
9 (RLIN) 707627
700 10 - ENTRADA AGREGADA--NOMBRE PERSONAL
Nombre de persona Vieira, Lisandro Juno Soares
Código de función aut
Término indicativo de función/relación Autor/a
9 (RLIN) 698773
700 10 - ENTRADA AGREGADA--NOMBRE PERSONAL
Nombre de persona Behrend, Rômulo Diego de Lima
Código de función aut
Término indicativo de función/relación Autor/a
9 (RLIN) 714883
700 10 - ENTRADA AGREGADA--NOMBRE PERSONAL
Nombre de persona Teixeira, Mariana Carolina
Código de función aut
Término indicativo de función/relación Autor/a
9 (RLIN) 667202
700 10 - ENTRADA AGREGADA--NOMBRE PERSONAL
Nombre de persona Fernandes, Sue Ellen Prata
Código de función aut
Término indicativo de función/relación Autor/a
9 (RLIN) 683066
700 10 - ENTRADA AGREGADA--NOMBRE PERSONAL
Nombre de persona Camargo, Janielly Carvalho
Código de función aut
Término indicativo de función/relación Autor/a
9 (RLIN) 648104
700 10 - ENTRADA AGREGADA--NOMBRE PERSONAL
Nombre de persona Rosin, Gisele Cristina
Código de función aut
Término indicativo de función/relación Autor/a
9 (RLIN) 683067
700 10 - ENTRADA AGREGADA--NOMBRE PERSONAL
Nombre de persona Takeda, Alice Michiyo
Código de función aut
Término indicativo de función/relación Autor/a
9 (RLIN) 648115
700 10 - ENTRADA AGREGADA--NOMBRE PERSONAL
Nombre de persona Moreti, Lívia Oliveira Ruiz
Código de función aut
Término indicativo de función/relación Autor/a
9 (RLIN) 714884
700 10 - ENTRADA AGREGADA--NOMBRE PERSONAL
Nombre de persona Martos, Luana
Código de función aut
Término indicativo de función/relación Autor/a
9 (RLIN) 698775
700 10 - ENTRADA AGREGADA--NOMBRE PERSONAL
Nombre de persona Scomparin, Vânia Mara Bovo
Código de función aut
Término indicativo de función/relación Autor/a
9 (RLIN) 707628
700 10 - ENTRADA AGREGADA--NOMBRE PERSONAL
Nombre de persona Rodrigues, Luzia Cleide
Código de función aut
Término indicativo de función/relación Autor/a
9 (RLIN) 682124
700 10 - ENTRADA AGREGADA--NOMBRE PERSONAL
Nombre de persona Sousa, Fabrício Barros de
Código de función aut
Término indicativo de función/relación Autor/a
9 (RLIN) 702125
700 10 - ENTRADA AGREGADA--NOMBRE PERSONAL
Nombre de persona Soares, Maria Gercilia Mota
Código de función aut
Término indicativo de función/relación Autor/a
9 (RLIN) 414344
700 10 - ENTRADA AGREGADA--NOMBRE PERSONAL
Nombre de persona Prestes, Luiza
Código de función aut
Término indicativo de función/relación Autor/a
9 (RLIN) 683068
700 10 - ENTRADA AGREGADA--NOMBRE PERSONAL
Nombre de persona Ferreira, Aldo Pacheco
Código de función aut
Término indicativo de función/relación Autor/a
9 (RLIN) 590659
700 10 - ENTRADA AGREGADA--NOMBRE PERSONAL
Nombre de persona Wermelinger, Eduardo Dias
Código de función aut
Término indicativo de función/relación Autor/a
9 (RLIN) 683069
773 0# - ENLACE AL DOCUMENTO FUENTE/ENTRADA DE REGISTRO ANFITRIÓN
Título Acta Scientiarum: Biological Sciences (Brasil)
Parte(s) relacionada(s) Vol. 35, No. 03, Jul.-Sep. 2013, 311-380
Número de control del registro 1319377
Número Internacional Normalizado para Publicaciones Seriadas 1679-9283
Número bibliográfico anfitrión 648406
942 ## - ELEMENTOS DE ENTRADA AGREGADA (KOHA)
Tipo de ítem Koha Artículo de Revista

No hay ítems disponibles.